000 00538nam a2200193Ia 4500
003 GCL
008 140319s9999 xx 000 0 eng d
040 _aGCL /
_cGCL
082 0 4 _aCC
_b299.31
_bN V
100 1 _aDESROCHES - NEBLECOURT, CHRISTIANE
245 1 0 _aVIE ET MORT D'UN PHARAON TOUTANKHAMON /
_cDESROCHES - NEBLECOURT, CHRISTIANE
260 _a[S.N] :
_bGEORGE RAINBIRD LTD ،
_c1963
300 _a312
650 0 4 _aTUTANCHAMON
650 0 4 _aEGYPT
650 0 4 _aHISTORY
650 0 4 _aEGYPT - ANTIQUITIES
942 _2ddc
_cBK
999 _c20138
_d20138